000 00512nam a2200181Ia 4500
008 100920s9999 xx 000 0 und d
082 _b23620
_a6 थ 70
100 _aBlyton Enid.
245 _aThe Mystery of The Strange Messages.
260 _bA Dragon Book.
_c1970
300 _a141
_bसाधी
365 _b0
520 _aई.एल. एफ.
630 _aThe Mystery of The Strange Messages.
650 _aई.एल. एफ.
730 _aThe Mystery of The Strange Messages.
942 _cBOOK
999 _c682377
_d682374